000 00646nam a2200253Ia 4500
003 OSt
005 20220918163157.0
006 a|||||r|||| 00| 0
007 ta
008 220917b |||||||| |||| 00| 0 eng d
020 _a. (hbk)
024 _a198,531
037 _cTextual
040 _aARTS
_cARTS
_beng
041 _2eng
_aeng
082 _aS2, M3;1
100 _aChauhan S.S
_911740
245 0 _aPsychyology of adolescence
260 _aNew Delhi
_bAllied publishers pvt.ltd.
_c1983
300 _axi, 227 p.
_ccm.
650 _aPSYCHOLOGY
942 _hS2, M3;1
_cTEXL
_2CC
999 _c118197
_d118197